Компьютерная геометрия (Запись № 13663990)

Подробности
000 -МАРКЕР
контрольное поле 03096nam0a2200433 4500
001 - ИДЕНТИФИКАТОР ЗАПИСИ
контрольное поле RU\NLR\BIBL_A\022309317
005 - ИДЕНТИФИКАТОР ВЕРСИИ
контрольное поле 20260420013928.0
010 ## - МЕЖДУНАРОДНЫЙ СТАНДАРТНЫЙ НОМЕР КНИГИ (ISBN)
Номер (ISBN) 978-5-9710-9511-8
021 ## - НОМЕР ГОСУДАРСТВЕННОЙ РЕГИСТРАЦИИ
Код страны Российская Федерация
Номер КН-П-24-042054
Номер Листа государственной регистраци КН-П-24-4172
035 ## - ДРУГИЕ СИСТЕМНЫЕ НОМЕРА
Идентификатор записи (NLR Aleph) 022309317
100 ## - ДАННЫЕ ОБЩЕЙ ОБРАБОТКИ
Данные общей обработки 20240829d2024 u y0rusy50 ca
101 0# - ЯЗЫК РЕСУРСА
Язык текста, звукозаписи и т.д. русский
102 ## - СТРАНА ПУБЛИКАЦИИ ИЛИ ПРОИЗВОДСТВА
Страна публикации Российская Федерация
105 ## - ПОЛЕ КОДИРОВАННЫХ ДАННЫХ: ТЕКСТОВЫЕ МАТЕРИАЛЫ, МОНОГРАФИЧЕСКИЕ
Кодированные данные о монографическом текстовом документе a|||j|||011yy
181 #0 - ПОЛЕ КОДИРОВАННЫХ ДАННЫХ: ВИД СОДЕРЖАНИЯ
Код вида содержания (ISBD) i3
Код характеристики содержания (ISBD) axxe
182 #0 - ПОЛЕ КОДИРОВАННЫХ ДАННЫХ: ТИП СРЕДСТВА
Код типа средства (ISBD) n - непосредственное
200 1# - ЗАГЛАВИЕ И СВЕДЕНИЯ ОБ ОТВЕТСТВЕННОСТИ
Основное заглавие Компьютерная геометрия
Сведения, относящиеся к заглавию основы дифференциальной геометрии и топологии. Основные понятия компьютерной геометрии. Геометрическое моделирование
-- учебное пособие для студентов высших учебных заведений, обучающихся по направлениям подготовки "Информатика и вычислительная техника", "Информационные системы"
Первые сведения об ответственности Н. Н. Голованов, Д. П. Ильютко, Г. В. Носовский, А. Т. Фоменко
203 ## - ВИД СОДЕРЖАНИЯ И ТИП СРЕДСТВА
Вид содержания Текст
Дополнительные сведения об издании визуальный
Тип средства непосредственный
205 ## - СВЕДЕНИЯ ОБ ИЗДАНИИ
Сведения об издании Изд. 2-е, испр.
210 ## - ПУБЛИКАЦИЯ, РАСПРОСТРАНЕНИЕ И ДР.
Место издания, распространения и т.д. Москва
Имя издателя, распространителя и т. д. URSS
-- ЛЕНАНД
Дата издания, распространения и т.д. 2024
215 ## - ФИЗИЧЕСКАЯ ХАРАКТЕРИСТИКА
Специфическое обозначение материала и объем 488 с.
Другие сведения о физической характеристике ил.
Размеры 22
225 1# - СЕРИЯ
Основное заглавие серии Юбилейная серия в честь 270-летия МГУ имени М. В. Ломоносова
225 1# - СЕРИЯ
Основное заглавие серии Фундамент будущего: Классический учебник МГУ
300 ## - ОБЩИЕ ПРИМЕЧАНИЯ
Текст примечания На 4-й с. обл. авт.: Н. Н. Голованов, канд. техн. наук, Д. П. Ильютко, Г. В. Носовский, кандидаты физ.-мат. наук, доценты, А. Т. Фоменко, акад. Рос. акад. наук (РАН), действит. чл. акад.: МАН ВШ, МАТН, д-р физ.-мат. наук, проф., лауреат Гос. премии Рос. Федерации
300 ## - ОБЩИЕ ПРИМЕЧАНИЯ
Текст примечания Посвящается 270-летию Моск. гос. ун-та им. М. В. Ломоносова
313 ## - ПРИМЕЧАНИЯ, ОТНОСЯЩИЕСЯ К ТЕМАТИЧЕСКОМУ ДОСТУПУ
Текст примечания 1-е изд. 2006 г.
320 ## - ПРИМЕЧАНИЯ О НАЛИЧИИ В ДОКУМЕНТЕ БИБЛИОГРАФИИ / УКАЗАТЕЛЯ
Текст примечания Библиогр.: с. 481-483 (56 назв.)
320 ## - ПРИМЕЧАНИЯ О НАЛИЧИИ В ДОКУМЕНТЕ БИБЛИОГРАФИИ / УКАЗАТЕЛЯ
Текст примечания Предм. указ.: с. 484-488
606 1# - НАИМЕНОВАНИЕ ТЕМЫ КАК ПРЕДМЕТ
Наименование темы Геометрия
Формальный подзаголовок Учебные издания для высших учебных заведений
Тематический подзаголовок Задачи
-- Решение на компьютерах
Системный номер авторитетной/нормативной записи 2177757
Идентификатор авторитетной/нормативной записи RU\NLR\auth\661309747
686 1# - ИНДЕКСЫ ДРУГИХ КЛАССИФИКАЦИЙ
Индекс В181с116я73-1
701 #1 - ИМЯ ЛИЦА - АЛЬТЕРНАТИВНАЯ ОТВЕТСТВЕННОСТЬ
Начальный элемент ввода Голованов
Часть имени, кроме начального элемента ввода Н. Н.
Расширение инициалов личного имени Николай Николаевич
701 #1 - ИМЯ ЛИЦА - АЛЬТЕРНАТИВНАЯ ОТВЕТСТВЕННОСТЬ
Начальный элемент ввода Ильютко
Часть имени, кроме начального элемента ввода Д. П.
Даты 1979-
Расширение инициалов личного имени Денис Петрович
Системный номер авторитетной/нормативной записи 147901
Идентификатор авторитетной/нормативной записи RU\NLR\AUTH\770147937
701 #1 - ИМЯ ЛИЦА - АЛЬТЕРНАТИВНАЯ ОТВЕТСТВЕННОСТЬ
Графика поля Кириллица
Материалы, к которым относится поле rus
Начальный элемент ввода Носовский
Часть имени, кроме начального элемента ввода Г. В.
Даты 1958-
Расширение инициалов личного имени Глеб Владимирович
Системный номер авторитетной/нормативной записи 71804
Идентификатор авторитетной/нормативной записи RU\NLR\AUTH\7788876
701 #1 - ИМЯ ЛИЦА - АЛЬТЕРНАТИВНАЯ ОТВЕТСТВЕННОСТЬ
Графика поля Кириллица
Материалы, к которым относится поле rus
Начальный элемент ввода Фоменко
Часть имени, кроме начального элемента ввода А. Т.
Даты 1945-
Расширение инициалов личного имени Анатолий Тимофеевич
Системный номер авторитетной/нормативной записи 115258
Идентификатор авторитетной/нормативной записи RU\NLR\AUTH\775294
942 ## - ДОПОЛНИТЕЛЬНЫЕ ЭЛЕМЕНТЫ ЗАПИСИ (АБИС)
Тип экземпляра АБИС Книга
980 ## - КОЛЛЕКЦИЯ
Название коллекции Национальная библиография

Нет доступных экземпляров.